banner-ar

NUCLEAR IMAGING IN DRUG DISCOVERY, DEVELOPMENT AND APPROVAL / (Record no. 10963)

MARC details
000 -الفاتح
حقل البيانات ثابتة الطول 00697nam a2200241Ia 4500
008 - عناصر البيانات ثابتة الطول - معلومات عامة
حقل البيانات ثابتة الطول 140319s9999 xx 000 0 eng d
040 ## - مصدر الفهرسة
وكالة الفهرسة الأصلية GCL /
وكالة النسخ GCL
082 04 - رقم تصنيف ديوى العشرى
رقم التصنيف 615.1072
رقم المادة B N
100 1# - المدخل الرئيسى - إسم شخصى
الإسم الشخصى BURNS,H.DONDEL WAGNER JR,HENERY N
245 10 - بيان العنوان
العنوان NUCLEAR IMAGING IN DRUG DISCOVERY, DEVELOPMENT AND APPROVAL /
بيان المسئوليه,etc BURNS,H.DONDEL WAGNER JR,HENERY N
700 1# - المدخل الاضافى - اسم شخصى
الإسم الشخصى GIBSON, REYMAND E.
700 1# - المدخل الاضافى - اسم شخصى
الإسم الشخصى DANNALS,ROBERT F
700 1# - المدخل الاضافى - اسم شخصى
الإسم الشخصى SIEGL, PETERX. S
260 ## - PUBLICATION, DISTRIBUTION, ETC. (IMPRINT)
تاريخ النشر أو التوزيع 1993
300 ## - الوصف المادى
التعداد 338
650 04 - المدخل الاضافى بالموضوع-مصطلح موضوعى
مصطلح موضوعي DRUGS EVALUATION
650 04 - المدخل الاضافى بالموضوع-مصطلح موضوعى
مصطلح موضوعي METHODOLOGY
650 04 - المدخل الاضافى بالموضوع-مصطلح موضوعى
مصطلح موضوعي DURNS
650 04 - المدخل الاضافى بالموضوع-مصطلح موضوعى
مصطلح موضوعي DAUGS DESIGN
650 04 - المدخل الاضافى بالموضوع-مصطلح موضوعى
مصطلح موضوعي TOMOGRAPHY, EMISSION- COMPUTED
942 ## - عناصر المدخل الإضافي( كوها)
مصدر التصنيف او مخطط الترفيف Dewey Decimal Classification
Koha [default] item type كتاب
260 ## - PUBLICATION, DISTRIBUTION, ETC. (IMPRINT)
-- [S.N] :
-- BERKHAUSER ،
Holdings
حالة التراجع حالة الفقد حالة تلف ليس للاعارة المكان المؤقت الموقع الحالى تاريخ الاكتساب اجمالي اﻻعارات رقم الطلب الباركود تاريخ اخر مشاهدة تاريخ تفعيل السعر نوع وعاء كوها
        مكتبة القاهرة الكبرى مكتبة القاهرة الكبرى 03/26/2014   615.1072\B N 21919 03/26/2014 03/26/2014 كتاب

Powered By

EGPV